000
00262nam a22001097a 4500
082
_a
539.72 FRI'E
100
_a
THORNDIKE, A.M,FRISCW, D.H
_9
59646
245
_a
ELEMENTARY PARTICLES
260
_a
NEW JERSEY
_b
D.VAN NOSTRAND
_c
1964
300
_a
153P
942
_c
BK
999
_c
569571
_d
569571